<?xml version="1.0" encoding="UTF-8"?>
<record
    xmlns:xsi="http://www.w3.org/2001/XMLSchema-instance"
    xsi:schemaLocation="http://www.loc.gov/MARC21/slim http://www.loc.gov/standards/marcxml/schema/MARC21slim.xsd"
    xmlns="http://www.loc.gov/MARC21/slim">

  <leader>00907nam a22002177a 4500</leader>
  <controlfield tag="001">78210</controlfield>
  <controlfield tag="003">BD-RjUL</controlfield>
  <controlfield tag="005">20211209083114.0</controlfield>
  <controlfield tag="008">210812s2006    qai||||| |||| 00| 0 ara d</controlfield>
  <datafield tag="035" ind1=" " ind2=" ">
    <subfield code="a">(BD-RjUL)78436</subfield>
  </datafield>
  <datafield tag="040" ind1=" " ind2=" ">
    <subfield code="a">BD-RjUL</subfield>
    <subfield code="b">eng</subfield>
    <subfield code="c">BD-RjUL</subfield>
  </datafield>
  <datafield tag="041" ind1=" " ind2=" ">
    <subfield code="a">ara</subfield>
  </datafield>
  <datafield tag="082" ind1=" " ind2=" ">
    <subfield code="2">23</subfield>
    <subfield code="a">297.122601</subfield>
    <subfield code="b">TAM 2006</subfield>
  </datafield>
  <datafield tag="245" ind1=" " ind2=" ">
    <subfield code="a">&#x645;&#x642;&#x62F;&#x645;&#x629;  &#x627;&#x635;&#x648;&#x644; &#x627;&#x644;&#x62A;&#x641;&#x633;&#x64A;&#x631;&#x60C; &#x644;&#x634;&#x64A;&#x62E; &#x627;&#x644;&#x627;&#x633;&#x644;&#x627;&#x645; &#x627;&#x628;&#x646; &#x62A;&#x64A;&#x645;&#x64A;&#x629; ;; Shar&#x1E25; Muqaddimah  u&#x1E63;&#x16B;l al-tafs&#x12B;r, li-Shaykh al-Isl&#x101;m Ibn Taym&#x12B;yah</subfield>
    <subfield code="c">Ahmed Saad Ibrahim Abdel Rahman ;; &#x627;&#x62D;&#x645;&#x62F; &#x633;&#x639;&#x62F; &#x627;&#x628;&#x631;&#x627;&#x647;&#x64A;&#x645; &#x639;&#x628;&#x62F;&#x627;&#x644;&#x631;&#x62D;&#x645;&#x646;</subfield>
  </datafield>
  <datafield tag="260" ind1=" " ind2=" ">
    <subfield code="a">Qahira :</subfield>
    <subfield code="b">Dar al Basaer, </subfield>
    <subfield code="c">2006</subfield>
  </datafield>
  <datafield tag="300" ind1=" " ind2=" ">
    <subfield code="a">691 p. ;</subfield>
    <subfield code="c">23 cm</subfield>
  </datafield>
  <datafield tag="600" ind1=" " ind2=" ">
    <subfield code="a"> Ibn Taym&#x12B;yah, A&#x1E25;mad ibn &#x2BB;Abd al-&#x1E24;al&#x12B;m, -- 1263-1328. -- Muqaddimah f&#x12B; u&#x1E63;&#x16B;l al-tafs&#x12B;r. </subfield>
    <subfield code="9">247015</subfield>
  </datafield>
  <datafield tag="650" ind1=" " ind2=" ">
    <subfield code="a">Qur&#x2BC;an </subfield>
    <subfield code="v">Criticism, interpretation, etc.</subfield>
    <subfield code="9">247008</subfield>
  </datafield>
  <datafield tag="650" ind1=" " ind2=" ">
    <subfield code="a">Qur&#x2BC;an </subfield>
    <subfield code="v"> Hermeneutics.</subfield>
    <subfield code="9">247016</subfield>
  </datafield>
  <datafield tag="942" ind1=" " ind2=" ">
    <subfield code="2">ddc</subfield>
    <subfield code="c">BK</subfield>
  </datafield>
  <datafield tag="999" ind1=" " ind2=" ">
    <subfield code="c">78210</subfield>
    <subfield code="d">78210</subfield>
  </datafield>
  <datafield tag="952" ind1=" " ind2=" ">
    <subfield code="0">0</subfield>
    <subfield code="1">0</subfield>
    <subfield code="2">ddc</subfield>
    <subfield code="4">0</subfield>
    <subfield code="7">1</subfield>
    <subfield code="8">NFIC</subfield>
    <subfield code="a">RUCL</subfield>
    <subfield code="b">RUCL</subfield>
    <subfield code="c">Reading</subfield>
    <subfield code="d">2009-11-18</subfield>
    <subfield code="e">Ahsania mission,  Dhaka</subfield>
    <subfield code="g">750.00</subfield>
    <subfield code="l">0</subfield>
    <subfield code="o">A 297.122601 TAM 2006</subfield>
    <subfield code="r">2021-08-12 00:00:00</subfield>
    <subfield code="t">C-1</subfield>
    <subfield code="w">2021-08-12</subfield>
    <subfield code="y">BK</subfield>
  </datafield>
</record>
